00755nam a22002057a 450000500170000001000240001702000260004103500130006703700210008003700130010110000180011424501030013226000390023527000600027430000370033470000220037194200220039399900170041595201170043220160328120756.0 a1516EN07 ENG-114883 a9789332507876c350.00 aEN-98415 aDPLbTechniz/Ven bDBAD/PUB aSheth, Tejpal aFundamentals of accounting and auditing for CS foundation /cby Tejpal Sheth [and] Jigisha Thakkar aNew DelhibPearson Educationc2014 a11 Community Center, Panchsheel ParkbNew Delhie110017 axi,476p. c24cm(pbk) aThakkar, Jigisha  2ddccENmSHEh657 c96198d96198 001040708NFICaBNbBNd2016-02-11eDBAD/PUBg350.00l0o657 SHEpEN-98415r2016-02-11 00:00:00t1v350.00yEN